La estatua del amor (Record no. 162496)
[ view plain ]
| 000 -LEADER | |
|---|---|
| campo de control de longitud fija | 01086nam a22002175i 4500 |
| 001 - NÚMERO DE CONTROL | |
| campo de control | 162496 |
| 003 - IDENTIFICADOR DE NÚMERO DE CONTROL | |
| campo de control | ES-MaACL |
| 005 - FECHA Y HORA DE LA ÚLTIMA TRANSACCIÓN | |
| campo de control | 20250718055923.0 |
| 008 - DATOS DE LONGITUD FIJA--INFORMACIÓN GENERAL | |
| campo de control de longitud fija | 020205s1891 sp |||| | spa d |
| 040 ## - FUENTE DE CATALOGACIÓN | |
| Centro catalogador/agencia de origen | CAM |
| Lengua de catalogación | spa |
| Centro/agencia transcriptor | CAM |
| 100 1# - ENTRADA PRINCIPAL--NOMBRE DE PERSONA | |
| Nombre de persona | Pou, Jerónimo. |
| 9 (RLIN) | 131316 |
| 245 13 - MENCIÓN DEL TÍTULO | |
| Título | La estatua del amor |
| Resto del título | : opereta cómica en dos actos y en prosa / |
| Mención de responsabilidad, etc. | arreglada del francés a nuestra escena por Jerónimo Pou y Angel de la Guardia ; música del maestro Louis Varney. |
| 260 ## - PUBLICACIÓN, DISTRIBUCIÓN, ETC. | |
| Lugar de publicación, distribución, etc. | Madrid : |
| Nombre del editor, distribuidor, etc. | [s.n.], |
| Fecha de publicación, distribución, etc. | 1891 ( |
| Fabricante | R. Velasco impresor) |
| 300 ## - DESCRIPCIÓN FÍSICA | |
| Extensión | 45 p. ; |
| Dimensiones | 20 cm. |
| 500 ## - NOTA GENERAL | |
| Nota general | Representada en el teatro Eslava de Madrid la noche del 30 de octubre de 1891. |
| 596 ## - NOTA AL PIE DE IMPRENTA | |
| NOTA AL PIE DE IMPRENTA | En verso de la port. consta: "... Galerías Biblioteca lírico-dramática y Teatro cómico de Arregui y Aruej ..." |
| 700 1# - ENTRADA AGREGADA--NOMBRE PERSONAL | |
| Nombre de persona | Guardia, Ángel de la |
| 9 (RLIN) | 60305 |
| 700 1# - ENTRADA AGREGADA--NOMBRE PERSONAL | |
| Nombre de persona | Varney, Louis. |
| 9 (RLIN) | 133562 |
| 852 ## - LOCALIZACIÓN | |
| Ubicación | ES-MaACL |
| Número de control de estantería | D-2488(2) |
| Nota libre | -- Enc. hol. conservando la cub. original |
| -- | -- Legado M. de La Fuente |
| -- | -- Ded. ms. de Angel de La Guardia a Manuel de La Fuente |
| -- | -- Enc. en un vol. facticio |
| Estatus retirado | Estado de pérdida | Estado de daño | No para préstamo | Colección | Biblioteca de origen | Biblioteca actual | Ubicación en estantería | Fecha de adquisición | Total de préstamos | Signatura topográfica completa | Código de barras | Visto por última vez | Precio de reemplazo | Tipo de ítem Koha |
|---|---|---|---|---|---|---|---|---|---|---|---|---|---|---|
| Libros del s. XIX | Biblioteca del Ateneo de Madrid | Biblioteca del Ateneo de Madrid | Sala Valle Inclán | 17/01/2008 | D-2488(2) | 901170234 | 23/02/2023 | 23/02/2023 | Libro impreso antiguo |
